[Event "XXIX Cracovia 2018"]
[Site "Krakow"]
[Date "2019.01.04"]
[Round "9"]
[White "Paszewski, Mateusz"]
[Black "Dzierzak, Radoslaw"]
[Result "1-0"]
[WhiteElo "2342"]
[BlackElo "2283"]
[Annotator "NA"]
[PlyCount "121"]
[EventDate "2018.12.27"]
[EventType "swiss"]
[EventCountry "POL"]
[SourceTitle "playchess.com"]
[Source "ChessBase"]
[SourceQuality "1"]
[TimeControl "40/5400+30:1800+30"]

1. e4 {[%emt 0:00:00]} c6 {[%emt 0:03:12]} 2. d4 {[%emt 0:00:00]} d5 {[%emt 0:00:06]} 3. exd5 {[%emt 0:00:00]} cxd5 {[%emt 0:00:06]} 4. Bd3 {[%emt 0:00:00]} Nc6 {[%emt 0:00:31]} 5. c3 {[%emt 0:00:00]} Qc7 {[%emt 0:00:08]} 6. h3 {[%emt 0:00:00]} e5 {[%emt 0:02:18]} 7. dxe5 {[%emt 0:01:57]} Nxe5 {[%emt 0:00:06]} 8. Bc2 {[%emt 0:00:07]} Nf6 {[%emt 0:03:55]} 9. Nf3 {[%emt 0:09:55]} Be7 {[%emt 0:04:47]} 10. O-O {[%emt 0:02:40]} O-O {[%emt 0:00:58]} 11. Nbd2 {[%emt 0:07:15]} Rd8 {[%emt 0:19:34]} 12. Nxe5 {[%emt 0:09:48]} Qxe5 {[%emt 0:00:08]} 13. Nf3 {[%emt 0:00:07]} Qh5 {[%emt 0:05:21]} 14. Nd4 {[%emt 0:00:56]} Qh4 {[%emt 0:01:22]} 15. Nf3 {[%emt 0:07:52]} Qh5 {[%emt 0:00:27]} 16. Nd4 {[%emt 0:01:25]} Qh4 {[%emt 0:00:06]} 17. Re1 {[%emt 0:17:21]} Bc5 {[%emt 0:08:29]} 18. Be3 {[%emt 0:02:25]} Ne4 {[%emt 0:01:29]} 19. Nf3 {[%emt 0:05:26]} Qf6 {[%emt 0:05:46]} 20. Bxc5 {[%emt 0:01:36]} Nxc5 {[%emt 0:00:05]} 21. Qxd5 {[%emt 0:01:24]} Ne6 {[%emt 0:00:37]} 22. Qe4 {[%emt 0:03:00]} g6 {[%emt 0:00:20]} 23. Rad1 {[%emt 0:00:35]} Bd7 {[%emt 0:01:18]} 24. Ne5 {[%emt 0:03:58]} Nc5 {[%emt 0:01:44]} 25. Qe3 {[%emt 0:04:35]} b6 {[%emt 0:01:38]} 26. Nxd7 {[%emt 0:05:58]} Nxd7 {[%emt 0:04:59]} 27. Qd4 {[%emt 0:05:44]} Qxd4 {[%emt 0:01:28]} 28. Rxd4 {[%emt 0:01:01]} Nc5 {[%emt 0:00:47]} 29. Re7 {[%emt 0:00:46]} Kf8 {[%emt 0:02:26]} 30. Rxd8+ {[%emt 0:05:24]} Rxd8 {[%emt 0:00:09]} 31. Rxa7 {[%emt 0:00:01]} Rd2 {[%emt 0:00:12]} 32. Bb3 {[%emt 0:00:03]} Nxb3 {[%emt 0:00:35]} 33. axb3 {[%emt 0:00:01]} Rxb2 {[%emt 0:00:09]} 34. b4 {[%emt 0:00:02]} Rc2 {[%emt 0:01:17]} 35. Rc7 {[%emt 0:00:45]} h5 {[%emt 0:00:52]} 36. b5 {[%emt 0:03:21]} h4 {[%emt 0:00:42]} 37. Kf1 {[%emt 0:00:38]} g5 {[%emt 0:00:56]} 38. Rc6 {[%emt 0:00:52]} Ke7 {[%emt 0:01:15]} 39. c4 {[%emt 0:01:00]} Kd7 {[%emt 0:03:14]} 40. Ke1 {[%emt 0:00:00]} Kd8 {[%emt 0:00:00]} 41. Kf1 {[%emt 0:12:27]} Kd7 {[%emt 0:08:19]} 42. Rxb6 {[%emt 0:15:31]} Rxc4 {[%emt 0:00:27]} 43. Rh6 {[%emt 0:00:02]} Rb4 {[%emt 0:01:22]} 44. b6 {[%emt 0:00:17]} Ke7 {[%emt 0:04:02]} 45. Ke2 {[%emt 0:00:29]} Rb2+ {[%emt 0:04:02]} 46. Kf3 {[%emt 0:00:28]} Kf8 {[%emt 0:00:29]} 47. g3 {[%emt 0:02:53]} Kg7 {[%emt 0:01:37]} 48. Rc6 {[%emt 0:00:02]} Rb4 {[%emt 0:01:09]} 49. Rd6 {[%emt 0:01:21]} Kh7 {[%emt 0:10:52]} 50. Ke3 {[%emt 0:01:12]} Rb3+ {[%emt 0:05:28]} 51. Ke4 {[%emt 0:00:10]} hxg3 {[%emt 0:00:19]} 52. fxg3 {[%emt 0:00:01]} Kg7 {[%emt 0:01:51]} 53. g4 {[%emt 0:01:28]} Rxh3 {[%emt 0:03:46]} 54. Rd3 {[%emt 0:00:38]} Rh8 {[%emt 0:00:15]} 55. b7 {[%emt 0:01:37]} Rb8 {[%emt 0:00:08]} 56. Rb3 {[%emt 0:00:01]} Kg6 {[%emt 0:00:45]} 57. Rb6+ {[%emt 0:00:19]} f6 {[%emt 0:00:38]} 58. Kd5 {[%emt 0:01:01]} Kf7 {[%emt 0:00:16]} 59. Kd6 {[%emt 0:00:37]} f5 {[%emt 0:00:55]} 60. gxf5 {[%emt 0:00:01]} g4 {[%emt 0:00:35]} 61. Kc7 {[%emt 0:00:14]} 1-0

[Event "XXIX Cracovia 2018"]
[Site "Krakow"]
[Date "2019.01.04"]
[Round "9"]
[White "Colijn, Stefan"]
[Black "Marszalek, Maciej"]
[Result "1/2-1/2"]
[WhiteElo "2331"]
[BlackElo "2280"]
[Annotator "NA"]
[PlyCount "131"]
[EventDate "2018.12.27"]
[EventType "swiss"]
[EventCountry "POL"]
[SourceTitle "playchess.com"]
[Source "ChessBase"]
[SourceQuality "1"]
[TimeControl "40/5400+30:1800+30"]

1. Nf3 {[%emt 0:01:42]} Nf6 {[%emt 0:00:00]} 2. g3 {[%emt 0:02:22]} g6 {[%emt 0:00:01]} 3. Bg2 {[%emt 0:00:01]} Bg7 {[%emt 0:00:06]} 4. O-O {[%emt 0:00:06]} O-O {[%emt 0:00:23]} 5. c4 {[%emt 0:01:25]} c6 {[%emt 0:00:10]} 6. d4 {[%emt 0:00:48]} d5 {[%emt 0:00:13]} 7. Ne5 {[%emt 0:00:39]} dxc4 {[%emt 0:01:44]} 8. Nxc4 {[%emt 0:01:45]} Be6 {[%emt 0:02:03]} 9. b3 {[%emt 0:01:08]} Bd5 {[%emt 0:01:40]} 10. f3 {[%emt 0:08:48]} c5 {[%emt 0:03:34]} 11. Bb2 {[%emt 0:04:33]} cxd4 {[%emt 0:04:41]} 12. Ne5 {[%emt 0:08:33]} Nc6 {[%emt 0:03:05]} (12... Nfd7 $17 13. Nd3 Nc6) 13. Nxc6 $15 {[%emt 0:01:08]} Bxc6 {[%emt 0:06:11]} 14. Qxd4 {[%emt 0:01:36]} Qxd4+ {[%emt 0:08:23]} 15. Bxd4 {[%emt 0:03:58]} Rfd8 {[%emt 0:00:08]} 16. Be5 {[%emt 0:00:21]} Nd5 {[%emt 0:17:48]} 17. Bxg7 {[%emt 0:05:07]} Kxg7 {[%emt 0:00:01]} 18. Kf2 {[%emt 0:00:22]} a5 {[%emt 0:12:42]} 19. a3 {[%emt 0:04:23]} e5 {[%emt 0:10:24]} 20. Ra2 {[%emt 0:01:48]} Nb6 {[%emt 0:03:34]} 21. Rc1 {[%emt 0:07:56]} Rd6 {[%emt 0:01:38]} 22. Rd2 {[%emt 0:01:14]} Rxd2 {[%emt 0:02:33]} 23. Nxd2 {[%emt 0:00:02]} Rd8 {[%emt 0:00:40]} 24. Rc2 {[%emt 0:09:05]} f5 {[%emt 0:02:44]} 25. e3 {[%emt 0:04:37]} Kf6 {[%emt 0:00:38]} 26. Bf1 {[%emt 0:00:16]} h6 {[%emt 0:01:46]} 27. e4 {[%emt 0:09:36]} g5 {[%emt 0:10:00]} 28. exf5 {[%emt 0:08:08]} Kxf5 {[%emt 0:00:03]} 29. b4 {[%emt 0:01:12]} axb4 {[%emt 0:01:04]} 30. axb4 {[%emt 0:00:02]} Ba4 {[%emt 0:00:17]} 31. Ra2 {[%emt 0:00:29]} Rd4 {[%emt 0:00:39]} 32. Rb2 {[%emt 0:03:04]} Kg6 {[%emt 0:00:44]} 33. Ne4 {[%emt 0:00:40]} Bc6 {[%emt 0:01:44]} 34. Nc5 {[%emt 0:00:03]} Na4 {[%emt 0:01:09]} 35. Nxa4 {[%emt 0:03:23]} Bxa4 {[%emt 0:00:01]} 36. b5 {[%emt 0:02:55]} Kf6 {[%emt 0:00:26]} 37. Ke3 {[%emt 0:00:29]} Ke6 {[%emt 0:01:13]} 38. Bd3 {[%emt 0:02:21]} Kd6 {[%emt 0:01:07]} 39. h4 {[%emt 0:00:40]} gxh4 {[%emt 0:03:00]} 40. g4 {[%emt 0:00:00]} Kc5 {[%emt 0:00:00]} 41. Rh2 {[%emt 0:00:17]} Bd1 {[%emt 0:11:40]} 42. Be4 {[%emt 0:00:33]} Rb4 {[%emt 0:00:44]} 43. Rxh4 {[%emt 0:00:44]} Rb3+ {[%emt 0:01:14]} 44. Kf2 {[%emt 0:02:04]} Rxb5 {[%emt 0:00:21]} 45. Rxh6 {[%emt 0:00:12]} Rb2+ {[%emt 0:00:10]} 46. Kg3 {[%emt 0:00:42]} Rb6 {[%emt 0:12:47]} 47. g5 {[%emt 0:05:51]} Bb3 {[%emt 0:01:16]} 48. Rxb6 {[%emt 0:01:10]} Kxb6 {[%emt 0:00:01]} 49. Kg4 {[%emt 0:00:39]} Be6+ {[%emt 0:00:06]} 50. Kh5 {[%emt 0:00:18]} Kc7 {[%emt 0:00:20]} 51. g6 {[%emt 0:00:56]} b5 {[%emt 0:00:37]} 52. g7 {[%emt 0:00:17]} Kd6 {[%emt 0:00:57]} 53. Bh7 {[%emt 0:00:19]} Kd5 {[%emt 0:00:28]} 54. g8=Q {[%emt 0:01:48]} Bxg8 {[%emt 0:00:11]} 55. Bxg8+ {[%emt 0:00:02]} Kd4 {[%emt 0:00:04]} 56. Bh7 {[%emt 0:01:21]} Ke3 {[%emt 0:00:43]} 57. Kg4 {[%emt 0:00:33]} b4 {[%emt 0:00:50]} 58. Bc2 {[%emt 0:02:57]} Kd2 {[%emt 0:00:50]} 59. Bb3 {[%emt 0:00:51]} Ke3 {[%emt 0:02:03]} 60. Kg3 {[%emt 0:03:10]} e4 {[%emt 0:00:07]} 61. f4 {[%emt 0:09:08]} Kd2 {[%emt 0:00:06]} 62. Bc4 {[%emt 0:03:09]} e3 {[%emt 0:00:19]} 63. f5 {[%emt 0:00:35]} b3 {[%emt 0:00:08]} 64. f6 {[%emt 0:00:43]} b2 {[%emt 0:04:23]} 65. f7 {[%emt 0:00:05]} e2 {[%emt 0:02:10]} 66. Bxe2 {[%emt 0:00:07]} 1/2-1/2

[Event "XXIX Cracovia 2018"]
[Site "Krakow"]
[Date "2019.01.04"]
[Round "9"]
[White "Godzwon, Iwo"]
[Black "Strybuk, Artsiom I"]
[Result "1/2-1/2"]
[WhiteElo "2323"]
[BlackElo "2172"]
[Annotator "NA"]
[PlyCount "77"]
[EventDate "2018.12.27"]
[EventType "swiss"]
[EventCountry "POL"]
[SourceTitle "playchess.com"]
[Source "ChessBase"]
[SourceQuality "1"]
[TimeControl "40/5400+30:1800+30"]

1. d4 {[%emt 0:00:00]} Nf6 {[%emt 0:00:00]} 2. c4 {[%emt 0:00:00]} c5 {[%emt 0:00:00]} 3. d5 {[%emt 0:00:00]} b5 {[%emt 0:00:00]} 4. cxb5 {[%emt 0:00:00]} a6 {[%emt 0:00:05]} 5. e3 {[%emt 0:00:00]} axb5 {[%emt 0:00:28]} 6. Bxb5 {[%emt 0:00:00]} Bb7 {[%emt 0:00:09]} 7. Nc3 {[%emt 0:00:00]} Qa5 {[%emt 0:00:10]} 8. Bd2 {[%emt 0:00:00]} Qb6 {[%emt 0:00:09]} 9. a4 {[%emt 0:02:02]} Nxd5 {[%emt 0:00:57]} 10. Nf3 {[%emt 0:00:55]} Nb4 {[%emt 0:00:41]} 11. e4 {[%emt 0:00:11]} e6 {[%emt 0:00:48]} 12. O-O {[%emt 0:02:34]} N8c6 {[%emt 0:00:10]} 13. Bf4 {[%emt 0:00:24]} Be7 {[%emt 0:00:09]} 14. Bd6 {[%emt 0:02:27]} Qd8 {[%emt 0:00:07]} 15. Ne5 {[%emt 0:17:55]} Bxd6 {[%emt 0:05:36]} 16. Qxd6 {[%emt 0:00:04]} Qe7 {[%emt 0:00:12]} 17. Nc4 {[%emt 0:00:08]} Ba6 {[%emt 0:07:21]} 18. Qd2 $11 {[%emt 0:10:07]} O-O {[%emt 0:07:00]} 19. Bxa6 {[%emt 0:10:31]} Rxa6 {[%emt 0:00:35]} 20. Nb5 {[%emt 0:00:02]} Nd4 {[%emt 0:05:09]} 21. Nxd4 {[%emt 0:01:33]} cxd4 {[%emt 0:01:27]} 22. b3 {[%emt 0:04:32]} Rb8 {[%emt 0:03:06]} 23. Ne5 {[%emt 0:05:55]} Raa8 {[%emt 0:08:43]} 24. Rfc1 {[%emt 0:06:27]} Qd6 {[%emt 0:09:56]} 25. Nc4 {[%emt 0:05:41]} Qc5 {[%emt 0:01:55]} 26. a5 {[%emt 0:02:36]} Qb5 {[%emt 0:15:53]} 27. Qxd4 {[%emt 0:00:30]} d5 {[%emt 0:00:55]} 28. Nd6 {[%emt 0:07:22]} Qd7 {[%emt 0:03:41]} 29. e5 {[%emt 0:00:03]} Nc6 {[%emt 0:02:41]} 30. Qc3 {[%emt 0:00:53]} Ra6 {[%emt 0:04:23]} 31. b4 {[%emt 0:02:15]} Rxb4 {[%emt 0:04:35]} 32. Rab1 {[%emt 0:00:11]} Rxb1 {[%emt 0:03:39]} 33. Rxb1 {[%emt 0:00:02]} g6 {[%emt 0:00:02]} 34. Rb7 {[%emt 0:06:50]} Qd8 {[%emt 0:00:42]} 35. Nxf7 {[%emt 0:02:56]} Qxa5 {[%emt 0:01:02]} 36. Nh6+ {[%emt 0:00:53]} Kh8 {[%emt 0:00:44]} 37. Nf7+ {[%emt 0:00:45]} Kg8 {[%emt 0:02:11]} 38. Nh6+ {[%emt 0:00:03]} Kh8 {[%emt 0:00:37]} 39. Qc1 {[%emt 0:03:00]} 1/2-1/2

[Event "XXIX Cracovia 2018"]
[Site "Krakow"]
[Date "2019.01.04"]
[Round "9"]
[White "Dietmayer-Kraeutler, Marco"]
[Black "Kosakowski, Jakub"]
[Result "1-0"]
[WhiteElo "2311"]
[BlackElo "2415"]
[Annotator "TA"]
[PlyCount "75"]
[EventDate "2018.12.27"]
[EventType "swiss"]
[EventCountry "POL"]
[SourceTitle "playchess.com"]
[Source "ChessBase"]
[SourceQuality "1"]

{[%evp 22,75,0,-24,0,-29,-26,-51,-47,-43,-22,-37,-15,-8,0,3,21,21,40,42,33,45,35,18,12,5,89,88,199,194,199,193,194,201,197,184,185,185,160,166,218,218,211,210,256,263,518,521,694,693,800,831,857,851,29993,435]} 1. d4 Nf6 2. c4 g6 3. Nc3 Bg7 4. e4 d6 5. Nf3 O-O 6. Be2 e5 7. dxe5 dxe5 8. Qxd8 Rxd8 9. Bg5 Re8 10. h3 c6 11. O-O Na6 12. Nd2 Nd7 $146 {E92: King's Indian: Classical: 6 Be2 e5: 7 dxe5, 7 Be3 and Petrosian System without 7...Nbd7} ({Predecessor:} 12... Nc5 13. Be3 Ne6 14. Nb3 Bf8 15. Bf3 Nd7 16. Rfd1 Ndc5 17. Na5 Na6 18. a3 Bc5 19. Bxc5 Naxc5 20. b4 {½-½ (49) Roehl,R (2198)-Fruebing,S (2193) Germany 2005}) 13. Rfc1 Ndc5 14. a3 Ne6 {Black is slightly better.} 15. Be3 Nd4 16. b4 b6 17. Bf1 Nc7 18. a4 Bf8 19. b5 Rd8 20. bxc6 Nxc6 21. Nd5 Ne6 22. Nb3 $36 {[%mdl 2048] White is pushing.} Rb8 23. a5 {[%cal Ra5b6]} bxa5 (23... Nc5 $11 {remains equal.} 24. Nxc5 bxc5) 24. Nxa5 $16 Ncd4 {[#]} (24... Bb7 $16) 25. Bxd4 $1 $18 Nxd4 26. c5 {[%cal Bc4c5,Bc5c6][%mdl 32] aiming for c6.} Be6 27. c6 Bxd5 28. exd5 {c7 is the strong threat.} Rbc8 29. Bc4 {Black must now prevent Nb7.} Rc7 30. Nb7 Ra8 (30... Rdc8 $142 31. Rxa7 Kg7) 31. g4 Kg7 32. Kg2 Kf6 33. Ra6 e4 $2 (33... Rb8 34. Re1 Bb4) 34. Rd1 Ke5 {[#]} 35. d6 $1 {[%mdl 512]} Rxc6 (35... Bxd6 36. Ra5+) 36. Ra5+ Kf4 37. Rxd4 Bg7 {[#]} 38. Rxe4+ $1 {[%mdl 512] Accuracy: White = 73%, Black = 25%.} 1-0

[Event "XXIX Cracovia 2018"]
[Site "Krakow"]
[Date "2019.01.04"]
[Round "9"]
[White "Grela, Kacper"]
[Black "Klekowski, Maciej"]
[Result "1/2-1/2"]
[WhiteElo "2305"]
[BlackElo "2499"]
[Annotator "TA"]
[PlyCount "91"]
[EventDate "2018.12.27"]
[EventType "swiss"]
[EventCountry "POL"]
[SourceTitle "playchess.com"]
[Source "ChessBase"]
[SourceQuality "1"]

{[%evp 18,91,11,9,30,30,29,29,36,19,19,23,30,0,0,0,0,0,0,0,0,0,0,-27,-31,-66,-73,-63,117,107,124,119,126,126,115,130,312,228,242,117,114,62,62,64,69,62,62,62,66,62,62,54,58,61,54,37,29,29,54,54,54,54,54,54,54,37,62,62,62,27,62,62,62,62,62,62]} 1. e4 e5 2. Nf3 Nc6 3. Bb5 a6 4. Ba4 Nf6 5. O-O Be7 6. d3 d6 7. c4 O-O {C84: Closed Ruy Lopez: Unusual White 6th moves} 8. h3 Nd4 (8... Nd7 9. Be3 Bf6 10. c5 Ne7 11. cxd6 cxd6 12. Nc3 b5 13. Bb3 Bb7 14. a3 Nc5 15. Ba2 {½-½ (24) Van Foreest,J (2629)-Amin,B (2693) Wijk aan Zee 2018}) 9. Nxd4 exd4 10. Nd2 {LiveBook: 5 Games} Rb8 11. Nf3 $146 ({Predecessor:} 11. f4 b5 12. Bc2 Nd7 13. Nf3 c5 14. Qe1 Nb6 15. b3 {1-0 (31) Tirard,H (2452)-Nabavi,P (2164) Avoine 2012}) 11... c5 12. b4 b5 13. cxb5 axb5 14. Bb3 Bb7 15. Bf4 Rc8 $1 16. a4 {Strongly threatening bxc5.} c4 17. Bc2 $36 {[%mdl 2048] White has good play.} bxa4 18. Nxd4 cxd3 19. Bxd3 Nxe4 20. Qxa4 ({Of course not} 20. Rxa4 Nc3 $17) 20... Bf6 21. Qa7 Bd5 22. Qa5 Nc5 $2 (22... Bc4 $15 {keeps the upper hand.} 23. Bxe4 Bxf1 24. Kxf1 Bxd4) 23. bxc5 $16 Bxd4 24. cxd6 Bxa1 25. Qxd5 Ra8 26. d7 {aiming for Bg5.} Qf6 $2 (26... Bf6 $16 {was called for.} 27. Rd1 Qa5) 27. Bg5 Qd4 {[#]} 28. Qxd4 (28. Qe4 $1 $18 {[%csl Gd3][%cal Re4h7] and the rest is easy.} g6 29. Be7) 28... Bxd4 29. Be7 ({White should try} 29. Be4 $16 Rab8 30. Be7) 29... Bf6 $1 $14 {[%cal Rf6e7]} 30. Bxf8 Kxf8 {[%mdl 4096] Endgame KRB-KRB} 31. Bb5 ({Much weaker is} 31. Bxh7 g6 $15) 31... g6 32. Re1 Be7 $1 33. Rc1 {[#] And now Rc8+ would win.} Bd8 $1 34. g3 Ra5 35. Bc6 {Black must now prevent Re1.} Ke7 36. Re1+ Kd6 37. Re8 Kxc6 38. Rxd8 $11 {Rf8 is the strong threat. KR-KR} Ra7 39. Rh8 Kxd7 40. Rxh7 Ke6 41. Rh8 f5 42. Kg2 Kf6 43. Rb8 Ra6 44. h4 {White is slightly better.} Rc6 45. Rh8 Kg7 46. Ra8 {Precision: White = 49%, Black = 53%.} 1/2-1/2

[Event "XXIX Cracovia 2018"]
[Site "Krakow"]
[Date "2019.01.04"]
[Round "9"]
[White "Nowicki, Bartosz"]
[Black "Schreiner, Peter"]
[Result "1-0"]
[WhiteElo "2305"]
[BlackElo "2479"]
[Annotator "ChessBase"]
[PlyCount "85"]
[EventDate "2018.12.27"]
[EventType "swiss"]
[EventCountry "POL"]
[SourceTitle "playchess.com"]
[Source "ChessBase"]
[SourceQuality "1"]
[TimeControl "40/5400+30:1800+30"]

1. e4 {[%emt 0:00:00]} e5 {[%emt 0:00:29]} 2. Nf3 {[%emt 0:00:00]} Nc6 {[%emt 0:00:06]} 3. Bb5 {[%emt 0:00:00]} a6 {[%emt 0:00:43]} 4. Ba4 {[%emt 0:00:00]} Nf6 {[%emt 0:00:17]} 5. d3 {[%emt 0:00:00]} d6 {[%emt 0:01:30]} 6. c3 {[%emt 0:00:00]} g6 {[%emt 0:00:53]} 7. O-O {[%emt 0:00:12]} Bg7 {[%emt 0:00:06]} 8. h3 {[%emt 0:00:05]} O-O {[%emt 0:00:17]} 9. Be3 {[%emt 0:00:37]} b5 {[%emt 0:02:50]} 10. Bc2 {[%emt 0:00:07]} Bb7 {[%emt 0:00:50]} 11. Nbd2 {[%emt 0:00:19]} Re8 {[%emt 0:01:21]} 12. b4 {[%emt 0:01:09]} Nd7 {[%emt 0:13:22]} 13. a4 {[%emt 0:01:43]} Nf8 {[%emt 0:00:40]} 14. Bb3 {[%emt 0:02:12]} Ne6 {[%emt 0:01:41]} 15. Bd5 {[%emt 0:03:29]} Qc8 {[%emt 0:03:23]} 16. Nb3 {[%emt 0:15:35]} Ne7 {[%emt 0:05:47]} 17. Bxb7 {[%emt 0:00:10]} Qxb7 {[%emt 0:00:02]} 18. Na5 {[%emt 0:01:48]} Qc8 {[%emt 0:01:22]} 19. Qb3 {[%emt 0:02:09]} Qd7 {[%emt 0:06:39]} 20. d4 {[%emt 0:05:23]} exd4 {[%emt 0:02:37]} 21. cxd4 {[%emt 0:00:46]} d5 {[%emt 0:05:18]} 22. e5 {[%emt 0:05:46]} Nc8 {[%emt 0:03:15]} 23. Nb7 {[%emt 0:06:30]} Nb6 {[%emt 0:03:12]} 24. a5 {[%emt 0:00:42]} Nc4 {[%emt 0:00:28]} 25. Nh2 {[%emt 0:12:04]} Rab8 {[%emt 0:10:02]} 26. Nc5 {[%emt 0:00:09]} Nxc5 {[%emt 0:00:05]} 27. bxc5 {[%emt 0:00:03]} f6 {[%emt 0:02:57]} 28. f4 {[%emt 0:02:48]} b4 {[%emt 0:03:23]} 29. Bc1 {[%emt 0:03:25]} f5 {[%emt 0:10:40]} 30. Ra4 {[%emt 0:10:08]} Qb5 {[%emt 0:04:44]} 31. Rf2 {[%emt 0:00:37]} Nxa5 {[%emt 0:03:45]} 32. Qxd5+ {[%emt 0:00:15]} Kh8 {[%emt 0:00:07]} 33. Rxa5 {[%emt 0:00:28]} Qxa5 {[%emt 0:00:13]} 34. Bb2 {[%emt 0:00:21]} Qb5 {[%emt 0:02:22]} 35. Nf3 {[%emt 0:00:44]} c6 {[%emt 0:03:48]} 36. Qb3 {[%emt 0:01:00]} a5 {[%emt 0:00:33]} 37. Ng5 {[%emt 0:00:24]} Re7 {[%emt 0:04:43]} 38. Nf7+ {[%emt 0:00:43]} Rxf7 {[%emt 0:00:02]} 39. Qxf7 {[%emt 0:00:07]} a4 {[%emt 0:03:24]} 40. e6 {[%emt 0:00:00]} Qb7 {[%emt 0:00:00]} 41. e7 {[%emt 0:01:47]} Qc8 {[%emt 0:08:18]} 42. d5 {[%emt 0:01:57]} Bxb2 {[%emt 0:02:08]} 43. d6 {[%emt 0:00:45]} 1-0

[Event "XXIX Cracovia 2018"]
[Site "Krakow"]
[Date "2019.01.04"]
[Round "9"]
[White "Zylka, Stanislaw"]
[Black "Kozak, Antoni"]
[Result "0-1"]
[WhiteElo "2305"]
[BlackElo "2236"]
[Annotator "NA"]
[PlyCount "72"]
[EventDate "2018.12.27"]
[EventType "swiss"]
[EventCountry "POL"]
[SourceTitle "playchess.com"]
[Source "ChessBase"]
[SourceQuality "1"]
[TimeControl "40/5400+30:1800+30"]

1. d4 {[%emt 0:00:00]} Nf6 {[%emt 0:00:00]} 2. c4 {[%emt 0:00:00]} e6 {[%emt 0:00:16]} 3. Nc3 {[%emt 0:00:00]} Bb4 {[%emt 0:00:04]} 4. e3 {[%emt 0:00:05]} b6 {[%emt 0:00:48]} 5. Bd3 {[%emt 0:01:24]} Bb7 {[%emt 0:00:51]} 6. Nf3 {[%emt 0:00:58]} O-O {[%emt 0:07:12]} 7. O-O {[%emt 0:00:41]} d5 {[%emt 0:00:04]} 8. cxd5 {[%emt 0:00:29]} exd5 {[%emt 0:00:05]} 9. Qc2 {[%emt 0:06:24]} a6 {[%emt 0:01:19]} 10. Ne5 {[%emt 0:02:04]} Nbd7 {[%emt 0:02:17]} 11. f4 {[%emt 0:00:16]} c5 {[%emt 0:03:27]} 12. a3 {[%emt 0:00:16]} Ba5 {[%emt 0:04:52]} 13. Ne2 {[%emt 0:13:02]} Rc8 $14 {[%emt 0:06:26]} (13... c4 $11 14. Bf5 g6 15. Bxd7 Nxd7) 14. Qb1 {[%emt 0:05:15]} c4 {[%emt 0:08:15]} 15. Bf5 {[%emt 0:00:31]} g6 {[%emt 0:00:33]} 16. Bh3 {[%emt 0:00:06]} Rc7 {[%emt 0:01:17]} 17. Ng3 {[%emt 0:08:33]} Qe7 {[%emt 0:05:43]} 18. Qc2 {[%emt 0:00:46]} Nb8 {[%emt 0:05:43]} 19. f5 {[%emt 0:04:17]} Nc6 {[%emt 0:04:59]} 20. Kh1 {[%emt 0:04:34]} Nxe5 {[%emt 0:04:59]} 21. dxe5 {[%emt 0:00:38]} Ne4 {[%emt 0:00:10]} 22. Nxe4 {[%emt 0:01:35]} dxe4 {[%emt 0:00:23]} 23. Bd2 {[%emt 0:12:53]} Bxd2 {[%emt 0:02:24]} 24. Qxd2 {[%emt 0:00:02]} Qxe5 {[%emt 0:01:10]} 25. Rad1 {[%emt 0:00:51]} Bc8 {[%emt 0:01:20]} 26. Qe1 {[%emt 0:03:47]} Rc6 {[%emt 0:06:17]} 27. Qh4 {[%emt 0:04:31]} gxf5 {[%emt 0:02:34]} 28. Rf2 {[%emt 0:02:48]} c3 {[%emt 0:08:29]} 29. bxc3 {[%emt 0:00:08]} Qxc3 {[%emt 0:00:06]} 30. Bxf5 {[%emt 0:01:37]} Bxf5 {[%emt 0:00:22]} 31. Rxf5 {[%emt 0:00:11]} Qxe3 {[%emt 0:01:59]} 32. Re5 {[%emt 0:01:54]} Qxa3 {[%emt 0:01:34]} 33. Qxe4 {[%emt 0:02:01]} Rg6 {[%emt 0:00:11]} 34. h4 {[%emt 0:01:16]} Qg3 {[%emt 0:01:16]} 35. Rd3 {[%emt 0:01:09]} Qg4 {[%emt 0:00:13]} 36. Qe1 {[%emt 0:00:29]} Qxg2# 0-1

[Event "XXIX Cracovia 2018"]
[Site "Krakow"]
[Date "2019.01.04"]
[Round "9"]
[White "Belous, Mikhail"]
[Black "Shyam Prasad Reddy K"]
[Result "1-0"]
[WhiteElo "2299"]
[BlackElo "2137"]
[Annotator "NA"]
[PlyCount "55"]
[EventDate "2018.12.27"]
[EventType "swiss"]
[EventCountry "POL"]
[SourceTitle "playchess.com"]
[Source "ChessBase"]
[SourceQuality "1"]
[TimeControl "40/5400+30:1800+30"]

1. d4 {[%emt 0:00:00]} Nf6 {[%emt 0:00:00]} 2. c4 {[%emt 0:00:00]} g6 {[%emt 0:00:00]} 3. f3 {[%emt 0:00:00]} d5 {[%emt 0:00:00]} 4. cxd5 {[%emt 0:00:00]} Nxd5 {[%emt 0:00:00]} 5. e4 {[%emt 0:00:00]} Nb6 {[%emt 0:00:00]} 6. Nc3 {[%emt 0:00:02]} Bg7 {[%emt 0:00:00]} 7. Be3 {[%emt 0:00:07]} O-O {[%emt 0:00:13]} 8. Qd2 {[%emt 0:00:20]} Nc6 {[%emt 0:00:10]} 9. O-O-O {[%emt 0:00:44]} Qd6 {[%emt 0:00:25]} 10. Kb1 {[%emt 0:00:33]} Rd8 {[%emt 0:00:05]} 11. Nb5 {[%emt 0:00:29]} Qd7 {[%emt 0:00:07]} 12. d5 {[%emt 0:00:13]} a6 {[%emt 0:00:29]} 13. Nc3 {[%emt 0:01:28]} Qe8 {[%emt 0:00:35]} 14. Qc1 {[%emt 0:02:53]} Na5 {[%emt 0:06:50]} 15. Nge2 {[%emt 0:03:22]} e6 {[%emt 0:09:51]} 16. Bg5 {[%emt 0:17:35]} Rd7 {[%emt 0:01:43]} 17. h4 {[%emt 0:04:24]} (17. dxe6 $14 {keeps the upper hand.} fxe6 18. h4) 17... exd5 $17 {[%emt 0:01:07]} 18. exd5 {[%emt 0:01:42]} Qe5 {[%emt 0:04:23]} 19. Nf4 {[%emt 0:03:17]} Rd6 {[%emt 0:08:36]} 20. Re1 {[%emt 0:24:24]} Bf5+ {[%emt 0:00:30]} 21. Ka1 {[%emt 0:00:06]} Qd4 {[%emt 0:00:19]} 22. g4 {[%emt 0:00:23]} Na4 {[%emt 0:04:54]} 23. Nfe2 {[%emt 0:07:18]} Qb4 {[%emt 0:06:35]} 24. gxf5 {[%emt 0:01:02]} Rb6 {[%emt 0:07:42]} 25. Nxa4 {[%emt 0:04:30]} Qxa4 {[%emt 0:09:18]} 26. Nc3 {[%emt 0:00:27]} Qd7 {[%emt 0:00:39]} 27. f6 {[%emt 0:06:37]} Bf8 {[%emt 0:06:20]} 28. h5 {[%emt 0:00:30]} 1-0